00648 2200241 4500001002100000005001500021035002000036245008200056100001900138250000600157300003500163700002200198260004500220082001000265084001600275020001800291650001200309990001700321990001700338990001700355990001700372990001700389INLIS00000000000117020190511122721 a0010-05190000611 aPrinsip dan Aplikasi Tekanan /cIntan Mahanani; Ilustrator, Sigit Dwi Nugroho0 aIntan Mahanani a- aiv, 68 hlm. :bilus. ;c25 cm.0 aSigit Dwi Nugroho aYogyakarta :bPT Citra Aji Parama,c2007 a531.3 a531.3 INT p a979-1464-43-7 aTekanan a04227/H/2018 a04228/H/2018 a04229/H/2018 a04230/H/2018 a04231/H/2018